| 000 | 00649cam a2200205 a 4500 | ||
|---|---|---|---|
| 020 | _a0321482662 (alk. paper) | ||
| 020 | _a1576761169 (pbk.) | ||
| 050 | 0 | 0 |
_aQA76.6 _bV46 2004 |
| 100 | 1 | _aVenit, Stewart. | |
| 245 | 1 | 0 |
_aConcise prelude to programming : _bconcepts & design / _cStewart Venit, Elizabeth Drake. |
| 250 | _a2nd edition | ||
| 260 |
_aBoston [USA] : _bPearson/Addison Wesley, _cc2006. |
||
| 300 | _axiii, 206 p. : | ||
| 500 | _aIncludes index. | ||
| 650 | _xComputer programming. | ||
| 700 | 1 | _aDrake, Elizabeth, | |
| 700 | 1 | _aVenit, Stewart. | |
| 856 | 4 | 1 | _uhttp://www.loc.gov/catdir/toc/ecip071/2006031103.html |
| 942 |
_2lcc _cGEN |
||
| 999 |
_c5933 _d5933 |
||